Locations by Letter - C - Statistics

General Stats
  • This quiz has been taken 38,739 times
    26,013 since last reset
  • The average score is 13 of 22
Answer Stats
Description Location % Correct
New York's most famous park {Central} {Park}
93%
Morroccan city where Rick Blaine lived Casablanca
80%
World's biggest inland sea Caspian Sea
80%
NYC site of an amusement park and boardwalk {Coney} Island
80%
Peninsula invaded by Russia in 2014 Crimea
77%
King Arthur's castle Camelot
76%
Africa's second most-populous urban area Cairo
72%
City where Ferris Bueller played hookie Chicago
71%
City that N.W.A. came straight outta Compton
70%
Island of Minoan civilization Crete
66%
Coffee shop where Rachel Green worked {Central} {Perk}
64%
Where the Mamas and Papas dreamt of on such a winter day California
59%
Place to find Trinity, Emmanuel, or King's College Cambridge
59%
Hook-shaped Massachusetts peninsula Cape Cod
55%
Sam Malone's Boston bar Cheers
53%
Dudley Do-Right's country Canada
47%
Hannibal's hometown Carthage
40%
British soap opera street in the town of Weatherfield Coronation Street
40%
Where you'll find Lord Licorice and Gloppy the Molasses Monster Candy Land
38%
City led by Lando Calrissian Cloud City
32%
Seat of the Lannister family Casterly Rock
25%
Home planet of the Transformers Cybertron
22%
No matching quizzes found
Score Distribution
Percent of People with Each Score
Percentile by Number Answered
Your Score History
You have not taken this quiz since the last reset